000 00552nam a2200229 a 4500
001 nice12345678
003 IN_TiNIC
005 20260116012238.0
008 070621s1959 lona grp 000 0 eng
020 _a
_c10
082 0 0 _a220.44
_bSNA
100 _aSnaith, Norman H
245 _aNotes on the Hebrew Text of Genesis
260 _aLondon
_bNo Publisher
_c1959
300 _a50p
500 _aincludes index and biblioraphy
650 _aBible-Hebrew
700 1 _aSnaith, Norman H
902 _bSRS
942 _cBK
999 _c6228
_d6228